Hamilton Lyrics Sort #34 - The Adams Administration - Statistics

General Stats
  • This quiz has been taken 15 times
  • The average score is 18 of 23
Answer Stats
Hint Answer % Correct
Line 1 How does Hamilton, the short-tempered Protean
100%
Line 11 Adams fires Hamilton
90%
Line 15 Sit down, John, you fat motherfu-
90%
Line 19 And he just destroyed President John Adams
80%
Line 22 As long as he can hold a pen, he's a threat
80%
Line 2 Creator of the Coast Guard
80%
Line 5 Destroy his reputation?
80%
Line 3 Founder of the New Yorkc Post
80%
Line 14 Hamilton publishes his response
80%
Line 13 In his taunts (say what?)
80%
Line 7 Jefferson's the runner-up
80%
Line 23 Let's let him know what we know
80%
Line 10 No more mister nice President
80%
Line 12 Privately calls him "Creole bastard"
80%
Line 6 Welcome folks, to the Adams Administration
80%
Line 4 Ardently abuse his cab'net post
70%
Line 21 Hamilton is a host until himself
70%
Line 16 Hamilton's out of control
70%
Line 18 He's out of power, he holds no office
70%
Line 20 The only other significant member of his party
70%
Line 17 This is great!
70%
Line 9 Washington can't help you now
70%
Line 8 Which makes him the Vice President
70%
No matching quizzes found
Score Distribution
Percent of People with Each Score
Percentile by Number Answered
Your Score History
You have not taken this quiz